En configuracin̤ permanente

Detalles Bibliográficos
Autor principal: Botero, Felipe
Otros Autores: Wills-Otero, Laura, Ortega, Bibiana, Pino Uribe, Juan Federico
Formato: eBook
Lenguaje:español
Publicado: Bogota: Universidad de Los Andes (Colombia), 2022
Materias:
Acceso en línea:Acceso restringido

MARC

LEADER 00000nam a22000007a 4500
005 2022102500140.0
007 cr|||| ||||
008 221025s2022 co |||||s|||| 00||0 spa d
020 |a 978-958-798-300-5 
035 |a 37411 
040 |a vLex 
090 |c 14050  |d 14050 
100 1 |a Botero, Felipe 
245 1 2 |a En configuracin̤ permanente  |h [Recurso electrn̤ico] /  |c Felipe Botero, Laura Wills-Otero, Bibiana Ortega, Juan Federico Pino Uribe 
256 |a Servicio en ln̕ea 
260 |a Bogota:  |b Universidad de Los Andes (Colombia),  |c 2022 
300 |a 1 recurso electrn̤ico 
506 1 |a Disponible solo en los productos indicados  |d vLex Global  |d vLex Global (Academic Edition, excluding Law Schools)  |d vLex Global (U.S. Academic Edition, Law Schools)  |d vLex Global (U.S. Academic Edition, excluding Law Schools)  |d vLex Global (Academic Edition, Law Schools) 
650 0 4 |a Derecho Constitucional  |z Colombia 
650 0 4 |a Derecho Pb︢lico y Administrativo  |z Colombia 
700 1 |a Wills-Otero, Laura 
700 1 |a Ortega, Bibiana 
700 1 |a Pino Uribe, Juan Federico 
740 0 |a vLex Libros (Servicio en ln̕ea) 
856 4 0 |u https://app.vlex.com/#/sources/37411  |z Acceso restringido 
942 |c BOOK 
999 0 |a Constitutional Law 
999 0 |a Public and Administrative Law